00568 a2200169 4500003000500000005001700005040000900022082001000031245011900041260004500160300001100205538003200216650001800248942001200266999001900278952010100297Nust20170207154216.0 cNust a378.4 aUni of Wales Institue, Cardiff Athrifa Prifysgol Cymru, Caerdydd - UG Prospectus 1999-2000cUni of Wales Institute aWalesbUni of Wales Institutec1999-2000 a124 p. aAlmirah No. 117 Shelf No. 1 aUG Prospectus 2ddccBK c195095d195095 00102ddc40708NFICaMCSbMCSd2016-12-12l0o378.4 UNIpMCSPS-14r2016-12-08w2016-12-12yBK